000 00560cam a2200205ua 4500
001 10094
008 170329n ii |||gr||||Z||||||asm
020 _a9789382283362
040 _cMAIN
041 _aasm
082 _a371.26
100 _aHatibaruah, Monsoon,
_eAuthor.
245 _aShaikshik parimapan aru mulyayan
_cBy Monsoon Hatibaruah
250 _a1st ed.
260 _aDibrugarh:
_bKaustubh,
_c2013.
300 _a160p.
653 _aSchools & their activities special education
653 _aEducational measurement and evaluation
942 _cBK
999 _c9093
_d9093